Thực hành ký sinh trùng và vi sinh trên cá
Guardado en:
| Autores Corporativos: | , |
|---|---|
| Formato: | Libro |
| Lenguaje: | Undetermined |
| Publicado: |
Cần Thơ
Trường Đại học Cần Thơ
1997
|
| Materias: | |
| Etiquetas: |
Agregar Etiqueta
Sin Etiquetas, Sea el primero en etiquetar este registro!
|
| Thư viện lưu trữ: | Trung tâm Học liệu Trường Đại học Cần Thơ |
|---|
| LEADER | 00660nam a2200193Ia 4500 | ||
|---|---|---|---|
| 001 | CTU_161463 | ||
| 008 | 210402s9999 xx 000 0 und d | ||
| 082 | |a 639.96 | ||
| 082 | |b Tr561 | ||
| 110 | |a Trường Đại học Cần Thơ | ||
| 110 | |b Khoa Nông nghiệp | ||
| 245 | 0 | |a Thực hành ký sinh trùng và vi sinh trên cá | |
| 245 | 0 | |c Trường Đại học Cần Thơ. Khoa Nông nghiệp | |
| 260 | |a Cần Thơ | ||
| 260 | |b Trường Đại học Cần Thơ | ||
| 260 | |c 1997 | ||
| 650 | |a Fishes culture,Nuôi cá | ||
| 904 | |i Trọng Hải | ||
| 980 | |a Trung tâm Học liệu Trường Đại học Cần Thơ | ||